00624nam a2200205 a 4500008004100000020002200041100002500063245008500088260003100173300003300204504004100237500002000278650002200298650003200320700002000352700001900372003000100391005001700392040000900409  a0216915937 (pbk.)1 aMcClintock, P. V. E.10aMatter at low temperatures /cP.V.E. McClintock, D.J. Meredith and J.K. Wigmore. aGlasgow :bBlackie,c1984. avi, 258 p. :bill. ;c24 cm. aIncludes bibliographical references. aIncludes index. 0aLow temperatures. 0aMatterxThermal properties.1 aMeredith, D. J.1 aWigmore, J. K.20230123133210.0 cNUST